[Event "TCh-ISR 2019"]
[Site "Israel ISR"]
[Date "2019.01.04"]
[Round "1.1"]
[Board "1"]
[White "Zoler, Dan"]
[Black "Abergel, Thal"]
[Result "0-1"]
[WhiteTitle "GM"]
[BlackTitle "GM"]
[WhiteElo "2503"]
[BlackElo "2422"]
[WhiteTeam "Hertslia"]
[BlackTeam "Elitsur Ironi Netanya named Itshak Shlakman"]
[WhiteFideId "2800705"]
[BlackFideId "614890"]
[EventDate "2019.01.04"]

1. d4 Nf6 2. c4 c5 3. d5 e6 4. Nc3 exd5 5. cxd5 d6 6. Nf3 g6 7. Bf4 Bg7 8. Qa4+
Bd7 9. Qb3 Bc8 10. Qb5+ Kf8 11. e4 a6 12. Qb3 b5 13. Nd2 Ne8 14. Be2 Nd7 15. O-O
b4 16. Nd1 a5 17. Qg3 Ne5 18. Ne3 h6 19. Nec4 Nxc4 20. Nxc4 Ba6 21. Rab1 Bxc4
22. Bxc4 Rg8 23. h4 Nf6 24. Qf3 Nh5 25. Bh2 Bd4 26. Rfe1 Kg7 27. Re2 Qd7 28. Rd1
Rad8 29. Rxd4 cxd4 30. e5 Qf5 31. Qxf5 gxf5 32. exd6 f4 33. Re5 Rge8 34. Rxe8
Rxe8 35. d7 Re1+ 36. Bf1 d3 37. g4 d2 38. d8=Q d1=Q 39. gxh5 Qg4+ 40. Bg3 Qh3 0-1

[Event "TCh-ISR 2019"]
[Site "Israel ISR"]
[Date "2019.01.04"]
[Round "1.1"]
[Board "4"]
[White "Poleg, Matan"]
[Black "Zifroni, Dov"]
[Result "0-1"]
[BlackTitle "GM"]
[WhiteElo "2205"]
[BlackElo "2442"]
[WhiteTeam "Elitsur Ironi Netanya named Itshak Shlakman"]
[BlackTeam "Hertslia"]
[WhiteFideId "2811472"]
[BlackFideId "2800659"]
[EventDate "2019.01.04"]

1. d4 Nf6 2. c4 e6 3. Nf3 d5 4. Nc3 Be7 5. Bg5 h6 6. Bxf6 Bxf6 7. e3 O-O 8. Qd2
dxc4 9. Bxc4 Nd7 10. O-O-O a6 11. g4 b5 12. Bd3 Bb7 13. Be4 Qb8 14. Qd3 b4 15.
Ne2 Rd8 16. Bxb7 Qxb7 17. Nd2 c5 18. h4 cxd4 19. exd4 Qd5 20. Kb1 Nc5 21. Qc2
Bxd4 22. Nc4 Qf3 23. Nb6 Rab8 24. Nxd4 Rxd4 25. Rxd4 Qxh1+ 26. Rd1 Qe4 27. Nd7
Qxc2+ 28. Kxc2 Rc8 29. Nxc5 Rxc5+ 30. Kb3 a5 31. Rd7 h5 32. f3 Rd5 33. Rxd5 exd5
34. a3 bxa3 35. bxa3 g5 0-1

[Event "TCh-ISR 2019"]
[Site "Israel ISR"]
[Date "2019.01.04"]
[Round "1.2"]
[Board "2"]
[White "Rechlis, Gad"]
[Black "Zanan, Evgeny"]
[Result "1/2-1/2"]
[WhiteTitle "GM"]
[BlackTitle "IM"]
[WhiteElo "2526"]
[BlackElo "2528"]
[WhiteTeam "haPoel Petah Tiqwa Alef"]
[BlackTeam "Feldklain Rishon leTsion"]
[WhiteFideId "2800047"]
[BlackFideId "24101940"]
[EventDate "2019.01.04"]

1. c4 e5 2. g3 Nf6 3. Bg2 d5 4. cxd5 Nxd5 5. Nf3 Nc6 6. O-O Nb6 7. b3 Bd6 8. Bb2
O-O 9. Nc3 Qe7 10. d3 Bg4 11. Nb5 a6 12. Nxd6 cxd6 13. Rc1 Rac8 14. Qd2 f5 15.
Ba3 f4 16. e3 Rcd8 17. exf4 exf4 18. Rce1 Qf6 19. Bb2 Qh6 20. Re4 Nd5 21. h4 Qh5
22. Nh2 Bd7 23. Rfe1 fxg3 24. fxg3 Qg6 25. g4 Nf6 26. Rc4 Nxg4 27. Nxg4 Bxg4 28.
Qg5 Qxg5 29. hxg5 Bf3 30. Bh3 Bd5 31. Rh4 Rde8 32. Rxe8 Rxe8 33. Kf2 Be6 34. Bg2
d5 35. Rf4 Rf8 36. Rxf8+ Kxf8 37. Bf3 Kf7 38. Bh5+ g6 39. Be2 Bf5 40. Ke3 Ke6
41. a3 Nd8 42. Kf4 Nf7 43. Bg7 Nd6 44. a4 Nc8 45. Bf8 Na7 46. b4 Nc6 47. Bc5 Nd8
48. d4 Nf7 49. Bf8 Nd6 50. Bxd6 Kxd6 51. Bd1 Bd7 1/2-1/2

[Event "TCh-ISR 2019"]
[Site "Israel ISR"]
[Date "2019.01.04"]
[Round "1.2"]
[Board "3"]
[White "Baron, Tal"]
[Black "Manor, Ilan"]
[Result "1/2-1/2"]
[WhiteTitle "GM"]
[BlackTitle "GM"]
[WhiteElo "2519"]
[BlackElo "2472"]
[WhiteTeam "Feldklain Rishon leTsion"]
[BlackTeam "haPoel Petah Tiqwa Alef"]
[WhiteFideId "2809958"]
[BlackFideId "2800110"]
[EventDate "2019.01.04"]

1. d4 d5 2. c4 e6 3. Nc3 c5 4. cxd5 exd5 5. Nf3 Nc6 6. dxc5 Nf6 7. Be3 Be7 8.
Bd4 Nxd4 9. Qxd4 O-O 10. e3 Be6 11. Rc1 Rc8 12. b4 a5 13. a3 axb4 14. axb4 b6
15. c6 Rxc6 16. Bb5 Rc7 17. O-O Qd6 18. Na4 Rxc1 19. Rxc1 Qxb4 20. Qxb4 Bxb4 21.
Nd4 Ne4 22. Nxb6 Nc3 23. Bc6 Rb8 24. Na4 Nxa4 25. Bxa4 Ba3 26. Rd1 Bc5 27. Nc6
Rb2 28. h3 h6 29. Rc1 Bb6 30. g4 g5 31. Bd1 d4 1/2-1/2

[Event "TCh-ISR 2019"]
[Site "Israel ISR"]
[Date "2019.01.04"]
[Round "1.2"]
[Board "4"]
[White "Drori, Saar"]
[Black "Kobo, Ori"]
[Result "1/2-1/2"]
[WhiteTitle "IM"]
[BlackTitle "GM"]
[WhiteElo "2386"]
[BlackElo "2485"]
[WhiteTeam "haPoel Petah Tiqwa Alef"]
[BlackTeam "Feldklain Rishon leTsion"]
[WhiteFideId "2812444"]
[BlackFideId "2812320"]
[EventDate "2019.01.04"]

1. e4 g6 2. d4 Bg7 3. Nf3 d6 4. Bc4 Nf6 5. Qe2 O-O 6. O-O Bg4 7. Nbd2 Nc6 8. Qe3
d5 9. exd5 Nxd5 10. Qe4 Nf6 11. Qe3 Nd5 12. Qe4 Nf6 13. Qe3 Qd7 14. c3 Nd5 15.
Qe4 Nb6 16. Bb3 Qf5 17. Qxf5 Bxf5 18. Re1 Rae8 19. Nc4 Nxc4 20. Bxc4 e5 21. dxe5
Nxe5 22. Nxe5 Bxe5 23. Bh6 Bg7 24. Bf4 1/2-1/2

[Event "TCh-ISR 2019"]
[Site "Israel ISR"]
[Date "2019.01.04"]
[Round "1.4"]
[Board "1"]
[White "Boruchovsky, Avital"]
[Black "Kovalenko, Igor"]
[Result "1-0"]
[WhiteTitle "GM"]
[BlackTitle "GM"]
[WhiteElo "2525"]
[BlackElo "2663"]
[WhiteTeam "Kfar Saba"]
[BlackTeam "Ashdod Elit"]
[WhiteFideId "2800055"]
[BlackFideId "14117908"]
[EventDate "2019.01.04"]

1. Nf3 d5 2. d4 c6 3. g3 Bg4 4. Bg2 Nd7 5. O-O e6 6. Nbd2 Bd6 7. e4 Ne7 8. b3
O-O 9. Bb2 h6 10. Qe1 a5 11. c4 Kh8 12. a3 Bh5 13. Qe3 a4 14. b4 b5 15. c5 Bc7
16. Ne5 Nf6 17. f3 Qe8 18. Rae1 Rd8 19. h3 Bg6 20. Nxg6+ fxg6 21. f4 Nh5 22. Rf3
Rd7 23. Nf1 dxe4 24. Qxe4 Nd5 25. Ne3 Ndf6 26. Qxc6 g5 27. fxg5 hxg5 28. Nf1 Qg6
29. Qxb5 g4 30. hxg4 Qxg4 31. Qd3 e5 32. Ne3 Qg5 33. Qf5 Qxf5 34. Nxf5 exd4 35.
Bxd4 g6 36. Nd6 Kg8 37. Bh3 Rdd8 38. Re6 Bxd6 39. cxd6 Nd5 40. Rxg6+ Kh7 41.
Rxf8 Rxf8 42. Rg5 Nhf6 43. Bf5+ Kh6 44. Rg6+ Kh5 45. d7 1-0

[Event "TCh-ISR 2019"]
[Site "Israel ISR"]
[Date "2019.01.04"]
[Round "1.4"]
[Board "2"]
[White "Smirin, Ilia"]
[Black "Grinberg, Eyal"]
[Result "1-0"]
[WhiteTitle "GM"]
[BlackTitle "IM"]
[WhiteElo "2610"]
[BlackElo "2470"]
[WhiteTeam "Ashdod Elit"]
[BlackTeam "Kfar Saba"]
[WhiteFideId "2801990"]
[BlackFideId "2806070"]
[EventDate "2019.01.04"]

1. e4 c5 2. Nf3 d6 3. d4 cxd4 4. Nxd4 Nf6 5. Nc3 a6 6. Nb3 e6 7. g4 h6 8. h4 Nc6
9. Bg2 Nd7 10. g5 Qc7 11. a4 Nc5 12. Be3 Bd7 13. a5 Be7 14. Nd2 hxg5 15. hxg5
Rxh1+ 16. Bxh1 O-O-O 17. Nc4 Kb8 18. Nb6 Be8 19. Qd2 f6 20. Rb1 Nb4 21. Kf1 d5
22. exd5 Bg6 23. Rc1 fxg5 24. Bxg5 Bxg5 25. Qxg5 Bxc2 26. Qh4 Ncd3 27. Rxc2 Nxc2
28. dxe6 Ncb4 29. Be4 Re8 30. Bg6 Qe7 31. Qg3+ Ka7 32. Bxe8 Qxe8 33. e7 Nxb2 34.
Nc8+ Ka8 35. Qe3 Nc6 36. Nd5 Qh5 37. Ncb6+ Ka7 38. Nd7+ 1-0

[Event "TCh-ISR 2019"]
[Site "Israel ISR"]
[Date "2019.01.04"]
[Round "1.4"]
[Board "3"]
[White "Givon, Asaf"]
[Black "Sutovsky, Emil"]
[Result "1/2-1/2"]
[WhiteTitle "IM"]
[BlackTitle "GM"]
[WhiteElo "2465"]
[BlackElo "2628"]
[WhiteTeam "Kfar Saba"]
[BlackTeam "Ashdod Elit"]
[WhiteFideId "2801841"]
[BlackFideId "2802007"]
[EventDate "2019.01.04"]

1. e4 c5 2. Nf3 d6 3. Bb5+ Nd7 4. O-O a6 5. Bd3 Ngf6 6. c3 b5 7. a4 Bb7 8. axb5
axb5 9. Rxa8 Qxa8 10. Bxb5 Bxe4 11. d4 Bxb1 12. dxc5 Be4 13. cxd6 Bxf3 14. gxf3
exd6 15. Bf4 Kd8 16. c4 d5 17. Qd2 Bc5 18. b4 Bb6 19. c5 Bc7 20. Bxc7+ Kxc7 21.
Qf4+ Kd8 22. Bxd7 Nxd7 23. Qd6 Kc8 24. b5 Qb8 25. Qc6+ Qc7 26. Qxd5 Rd8 27. Rc1
Nf6 28. Qa8+ Qb8 29. Qc6+ Qc7 30. Qa8+ Qb8 31. Qc6+ Qc7 1/2-1/2

[Event "TCh-ISR 2019"]
[Site "Israel ISR"]
[Date "2019.01.04"]
[Round "1.5"]
[Board "1"]
[White "Soffer, Ram"]
[Black "Dvoirys, Semen I."]
[Result "1-0"]
[WhiteTitle "GM"]
[BlackTitle "GM"]
[WhiteElo "2477"]
[BlackElo "2523"]
[WhiteTeam "ASA Shlomo Har-Tsvi Tel Aviv"]
[BlackTeam "Beer Sheva Yud-Alef"]
[WhiteFideId "2800101"]
[BlackFideId "4100379"]
[EventDate "2019.01.04"]

1. e4 c5 2. Nf3 Nc6 3. Bb5 e6 4. Bxc6 bxc6 5. b3 Ne7 6. Bb2 f6 7. Nh4 Qc7 8. O-O
Qf4 9. g3 Qxe4 10. Re1 Qb4 11. Qh5+ Kd8 12. c4 d6 13. Bc3 Qb6 14. d4 Bd7 15. Nd2
d5 16. dxc5 Qxc5 17. Ne4 Qa3 18. Nxf6 gxf6 19. Bxf6 Rg8 20. cxd5 cxd5 21. Qf7
Kc7 22. Rac1+ Kb7 23. Nf5 Re8 24. Be5 exf5 25. Rc7+ Ka8 26. Rxd7 Rc8 27. Bd4 Qa6
28. Kg2 Rg6 29. Rexe7 Bxe7 30. Rxe7 1-0

[Event "TCh-ISR 2019"]
[Site "Israel ISR"]
[Date "2019.01.04"]
[Round "1.5"]
[Board "6"]
[White "Klenburg, Michael"]
[Black "Gershkowich, David"]
[Result "1/2-1/2"]
[WhiteTitle "IM"]
[BlackTitle "FM"]
[WhiteElo "2361"]
[BlackElo "2200"]
[WhiteTeam "Beer Sheva Yud-Alef"]
[BlackTeam "ASA Shlomo Har-Tsvi Tel Aviv"]
[WhiteFideId "14102072"]
[BlackFideId "2803356"]
[EventDate "2019.01.04"]

1. g3 d5 2. Bg2 Nc6 3. d3 Nf6 4. Nf3 e5 5. c3 Bd6 6. O-O O-O 7. Qc2 h6 8. Nbd2
Bf5 9. e4 Bh7 10. b4 a5 11. b5 Ne7 12. c4 dxe4 13. Nxe4 Nxe4 14. dxe4 b6 15. Bb2
Ng6 16. Ne1 Qe7 17. a4 Rfe8 18. Nd3 Nf8 19. c5 bxc5 20. Rfc1 Nd7 21. Ba3 Rad8
22. Nb2 Qf6 23. Nc4 Nb6 24. Bb2 Ra8 25. Qc3 Qe6 26. Ne3 c6 27. bxc6 Qc8 28. Nf5
Bf8 29. f4 Qxc6 30. Qc2 f6 31. fxe5 fxe5 32. Bf1 Qc7 33. Bb5 Red8 34. Qc3 Bxf5
35. exf5 Bd6 36. Qf3 Rac8 37. Bc3 Nd7 38. Ra2 Nf6 39. Rac2 Qa7 40. Bc4+ Kh8 41.
g4 Qc7 42. Qh3 Nh7 43. Qe3 Re8 44. Rd1 Bf8 45. Rcd2 Rcd8 46. Bb5 c4 47. Kg2
Rxd2+ 48. Rxd2 Bc5 49. Qe4 Nf6 50. Qf3 e4 51. Qe2 Re7 52. Bxf6 gxf6 53. Bxc4 e3
54. Rd1 Re4 55. Bb5 Rf4 56. Rf1 Qb7+ 57. Kh3 Rxf1 1/2-1/2

[Event "TCh-ISR 2019"]
[Site "Israel ISR"]
[Date "2019.01.04"]
[Round "1.6"]
[Board "1"]
[White "Rodshtein, Maxim"]
[Black "Veinberg, Nimrod"]
[Result "1/2-1/2"]
[WhiteTitle "GM"]
[BlackTitle "IM"]
[WhiteElo "2668"]
[BlackElo "2399"]
[WhiteTeam "Beer Sheva Alef in name of Eliyahu Levant"]
[BlackTeam "Tsafrir Rehovot Alef"]
[WhiteFideId "2806851"]
[BlackFideId "2810280"]
[EventDate "2019.01.04"]

1. Nf3 d5 2. g3 g6 3. Bg2 Bg7 4. d4 Nd7 5. O-O Ngf6 6. a4 a5 7. c4 dxc4 8. Qc2
Nb6 9. e4 O-O 10. Nc3 Bg4 11. Be3 Qc8 12. Ne5 Bh3 13. Bxh3 Qxh3 14. f3 Nfd7 15.
f4 Bxe5 16. dxe5 f6 17. Nd5 fxe5 18. Bxb6 Nxb6 19. Nxb6 cxb6 20. Qxc4+ Kh8 21.
fxe5 Qg4 22. e6 Rad8 23. Rae1 Kg8 24. Rf7 Rxf7 25. exf7+ Kf8 26. Qb3 Rd6 27. Qe3
Rd1 28. Qh6+ Kxf7 29. Qxh7+ Ke6 30. Rxd1 Qxd1+ 31. Kf2 Qd4+ 32. Kf3 Qf6+ 33. Ke3
Kd7 34. h4 Qd6 35. Kf3 Qf6+ 36. Ke3 Qd6 37. Kf3 Qf6+ 38. Ke3 1/2-1/2

[Event "TCh-ISR 2019"]
[Site "Israel ISR"]
[Date "2019.01.04"]
[Round "1.6"]
[Board "5"]
[White "Mikhalevski, Victor"]
[Black "Psakhis, Lev"]
[Result "1-0"]
[WhiteTitle "GM"]
[BlackTitle "GM"]
[WhiteElo "2581"]
[BlackElo "2455"]
[WhiteTeam "Beer Sheva Alef in name of Eliyahu Levant"]
[BlackTeam "Tsafrir Rehovot Alef"]
[WhiteFideId "2801914"]
[BlackFideId "2800012"]
[EventDate "2019.01.04"]

1. d4 Nf6 2. c4 e6 3. Nf3 b6 4. g3 Bb7 5. Bg2 g6 6. Qc2 c5 7. O-O cxd4 8. Nxd4
Bxg2 9. Kxg2 Bg7 10. Rd1 O-O 11. Nb5 Qc8 12. Nd6 Qc6+ 13. f3 Ne8 14. Bf4 Nxd6
15. Rxd6 Qc5 16. Nd2 Nc6 17. Ne4 Qf5 18. Rad1 Qa5 19. a3 Ne5 20. a4 f5 21. Nf2
Rf7 22. b3 Raf8 23. Bxe5 Qxe5 24. Rxd7 g5 25. R7d6 Re7 26. R1d3 Bf6 27. Qd2 Kf7
28. Re3 Qc5 29. Red3 Qe5 30. Nd1 Rfe8 31. Nc3 Qc5 32. Nb5 Kg6 33. Rd7 a5 34.
Rxe7 Rxe7 35. Rd8 Be5 36. Kf1 h6 37. Qd3 Kf7 38. Qd2 Qc6 39. Qe3 Bc7 40. Nxc7
Qxc7 41. Qd4 Qc5 42. Qh8 Kg6 43. Rg8+ Kh5 44. Qf6 Rd7 45. Qg6# 1-0

[Event "TCh-ISR 2019"]
[Site "Israel ISR"]
[Date "2019.01.05"]
[Round "2.1"]
[Board "1"]
[White "Bakalchuk, Johnatan"]
[Black "Baron, Tal"]
[Result "1/2-1/2"]
[WhiteTitle "IM"]
[BlackTitle "GM"]
[WhiteElo "2456"]
[BlackElo "2519"]
[WhiteTeam "Hertslia"]
[BlackTeam "Feldklain Rishon leTsion"]
[WhiteFideId "2810301"]
[BlackFideId "2809958"]
[EventDate "2019.01.04"]

1. e4 c5 2. Nf3 Nc6 3. Nc3 d6 4. d4 cxd4 5. Nxd4 Nf6 6. Bc4 e6 7. Be3 a6 8. Qe2
Qc7 9. O-O-O Bd7 10. Bb3 b5 11. Nxc6 Bxc6 12. Bg5 Be7 13. Bxf6 Bxf6 14. Nd5 Bxd5
15. exd5 e5 16. Kb1 O-O 17. c4 Rab8 18. Rc1 b4 19. c5 dxc5 20. Qxa6 Be7 1/2-1/2

[Event "TCh-ISR 2019"]
[Site "Israel ISR"]
[Date "2019.01.05"]
[Round "2.1"]
[Board "3"]
[White "Zifroni, Dov"]
[Black "Kobo, Ori"]
[Result "1-0"]
[WhiteTitle "GM"]
[BlackTitle "GM"]
[WhiteElo "2442"]
[BlackElo "2485"]
[WhiteTeam "Hertslia"]
[BlackTeam "Feldklain Rishon leTsion"]
[WhiteFideId "2800659"]
[BlackFideId "2812320"]
[EventDate "2019.01.04"]

1. d4 Nf6 2. c4 e6 3. g3 d5 4. Bg2 Bb4+ 5. Bd2 Bd6 6. Nf3 O-O 7. Nc3 dxc4 8. e4
Be7 9. Qe2 c5 10. e5 cxd4 11. Nxd4 Qxd4 12. exf6 Bxf6 13. O-O-O Qb6 14. Qxc4 Nd7
15. Be3 Qa5 16. Ne4 Be7 17. Bd2 Ne5 18. Bxa5 Nxc4 19. Bc7 Nb6 20. Nc3 Nd5 21.
Bxd5 exd5 22. Nxd5 Bc5 23. b4 Bxf2 24. Rd2 Bb6 25. Bxb6 axb6 26. Nxb6 Ra6 27.
Nxc8 Rxc8+ 28. Kb2 Rca8 29. Ra1 h5 30. Kb3 b5 31. a3 Re8 32. Rad1 Re4 33. Rd4
Re2 34. R1d2 Re3+ 35. R2d3 Re2 36. Rd5 Rxh2 37. Rxb5 Rh3 38. Rg5 h4 39. b5 Re6
40. a4 f6 41. Rg4 g5 42. a5 Kf7 43. a6 hxg3 44. Rgxg3 Rh1 45. Rge3 Rb6 46. Kb4 1-0

[Event "TCh-ISR 2019"]
[Site "Israel ISR"]
[Date "2019.01.05"]
[Round "2.1"]
[Board "4"]
[White "Zanan, Evgeny"]
[Black "Caspi, Israel"]
[Result "1-0"]
[WhiteTitle "IM"]
[BlackTitle "IM"]
[WhiteElo "2528"]
[BlackElo "2455"]
[WhiteTeam "Feldklain Rishon leTsion"]
[BlackTeam "Hertslia"]
[WhiteFideId "24101940"]
[BlackFideId "2807394"]
[EventDate "2019.01.04"]

1. d4 Nf6 2. c4 e6 3. Nf3 d5 4. Nc3 dxc4 5. e4 Bb4 6. Bxc4 Nxe4 7. O-O Nxc3 8.
bxc3 Be7 9. Ne5 O-O 10. Qg4 Nc6 11. Re1 f5 12. Qf3 Nxe5 13. Rxe5 Kh8 14. Bf4 g5
15. Bd2 Bd6 16. Re2 g4 17. Qd3 Qf6 18. Rae1 Re8 19. f4 Bd7 20. Bb3 b5 21. c4
bxc4 22. Bxc4 Bf8 23. d5 Bg7 24. dxe6 Bc6 25. Re5 Rad8 26. Qe3 Be4 27. Bc3 Qh4
28. Rf1 h5 29. Rxe4 fxe4 30. f5 Kh7 31. Bxg7 Kxg7 32. f6+ 1-0

[Event "TCh-ISR 2019"]
[Site "Israel ISR"]
[Date "2019.01.05"]
[Round "2.1"]
[Board "5"]
[White "Haimovich, Tal"]
[Black "Bronstein, Or"]
[Result "0-1"]
[WhiteTitle "IM"]
[BlackTitle "FM"]
[WhiteElo "2408"]
[BlackElo "2370"]
[WhiteTeam "Hertslia"]
[BlackTeam "Feldklain Rishon leTsion"]
[WhiteFideId "2801698"]
[BlackFideId "2815770"]
[EventDate "2019.01.04"]

1. d4 Nf6 2. c4 g6 3. Nc3 d5 4. cxd5 Nxd5 5. Bd2 Bg7 6. Nf3 O-O 7. e4 Nxc3 8.
Bxc3 Bg4 9. Be2 c5 10. d5 Bxc3+ 11. bxc3 e6 12. Rb1 exd5 13. Qxd5 Qxd5 14. exd5
b6 15. Kd2 Nd7 16. h3 Bf5 17. Bd3 Nf6 18. c4 Be4 19. Ne1 Bxd3 20. Kxd3 Rfe8 21.
Nc2 Ne4 22. Rhf1 Re7 23. f3 Nd6 24. Rfe1 Rae8 25. Rxe7 Rxe7 26. a4 Kg7 27. Ne3
f5 28. g4 Kf6 29. gxf5 gxf5 30. Ng2 Nf7 31. Rf1 Ne5+ 32. Kc3 Ng6 33. Rf2 f4 34.
Rd2 Kf5 35. d6 Rd7 36. Rd5+ Ke6 37. h4 Rf7 38. d7 Rxd7 39. h5 Ne5 40. Nxf4+ Kf5
41. Rxd7 Nxd7 42. Nd5 Kg5 43. f4+ Kxh5 44. Kd3 Kg6 45. Ne7+ Kf6 46. Nc8 Kf5 47.
Ke3 Kg4 48. Nxa7 h5 49. Nc6 h4 50. Kf2 h3 51. Kg1 Kg3 52. Ne7 Nf6 53. Nf5+ Kxf4
54. Ne7 Ng4 55. Kf1 Kf3 56. Kg1 h2+ 0-1

[Event "TCh-ISR 2019"]
[Site "Israel ISR"]
[Date "2019.01.05"]
[Round "2.1"]
[Board "6"]
[White "Kaspi, Alexander"]
[Black "Ganor, Dotan"]
[Result "1-0"]
[WhiteTitle "IM"]
[BlackTitle "FM"]
[WhiteElo "2464"]
[BlackElo "2274"]
[WhiteTeam "Feldklain Rishon leTsion"]
[BlackTeam "Hertslia"]
[WhiteFideId "2802910"]
[BlackFideId "2804557"]
[EventDate "2019.01.04"]

1. d4 Nf6 2. c4 g6 3. f3 d5 4. cxd5 Nxd5 5. e4 Nb6 6. Nc3 Bg7 7. Be3 O-O 8. Qd2
e5 9. d5 c6 10. h4 cxd5 11. exd5 N8d7 12. h5 Nf6 13. hxg6 fxg6 14. O-O-O Bd7 15.
Kb1 Rc8 16. Nh3 Nc4 17. Bxc4 Rxc4 18. Ng5 Qa5 19. d6 Rfc8 20. Nce4 Qxd2 21. Rxd2
Nxe4 22. Nxe4 b6 23. b3 R4c6 24. Bg5 Rf8 25. Be7 Rf4 26. Rdd1 h6 27. Rd3 Kf7 28.
Rc1 Ke6 29. a4 Bf8 30. Rh1 Bg7 31. a5 Rf5 32. Kb2 Rf4 33. g3 Rf7 34. axb6 axb6
35. Bd8 Rf8 36. Bc7 Ra8 37. g4 Ra5 38. Rhd1 Rb5 39. R1d2 Bh8 40. Bd8 g5 41. Rc2
Bg7 42. Rxc6 Bxc6 43. d7 Rd5 44. Rxd5 Kxd5 45. Bf6 Bxd7 46. Bxg7 Kd4 47. Bxh6
Ke3 48. Nxg5 Kf4 49. Nf7+ 1-0

[Event "TCh-ISR 2019"]
[Site "Israel ISR"]
[Date "2019.01.05"]
[Round "2.2"]
[Board "1"]
[White "Steinberg, Nitzan"]
[Black "Zubov, Alexander"]
[Result "1/2-1/2"]
[WhiteTitle "GM"]
[BlackTitle "GM"]
[WhiteElo "2530"]
[BlackElo "2598"]
[WhiteTeam "haPoel Petah Tiqwa Alef"]
[BlackTeam "Elitsur Dov Petah Tiqwa"]
[WhiteFideId "2801795"]
[BlackFideId "14109409"]
[EventDate "2019.01.04"]

1. e4 e5 2. Nf3 Nc6 3. Bb5 Nf6 4. O-O Nxe4 5. Re1 Nd6 6. Nxe5 Be7 7. Bf1 Nf5 8.
Nf3 d5 9. d4 O-O 10. c3 Nh4 11. Nxh4 Bxh4 12. Bd3 Bf6 13. Qh5 g6 14. Qf3 Bg5 15.
Bxg5 Qxg5 16. h4 Qxh4 17. Qxd5 Rd8 18. Qf3 Kg7 19. Nd2 Qg4 20. Qe3 Be6 21. Be2
Qh4 22. Bf3 Bd5 23. c4 Re8 24. Qxe8 Rxe8 25. Rxe8 Bxf3 26. Nxf3 Qf6 27. Rd1 h5
28. d5 Ne7 29. c5 Nf5 30. Re4 Qxb2 31. Nd4 Nd6 32. cxd6 cxd6 33. Re2 Qb4 34. Nf3
a5 35. Re7 Kf6 36. Rd4 Qb1+ 37. Re1 Qxa2 38. Rf4+ Kg7 39. Re7 Qxd5 40. Ng5 Qxg5
41. Rfxf7+ Kg8 42. Rc7 Qh6 43. Rfe7 1/2-1/2

[Event "TCh-ISR 2019"]
[Site "Israel ISR"]
[Date "2019.01.05"]
[Round "2.2"]
[Board "2"]
[White "Flom, Gabriel"]
[Black "Manor, Ilan"]
[Result "1-0"]
[WhiteTitle "IM"]
[BlackTitle "GM"]
[WhiteElo "2467"]
[BlackElo "2472"]
[WhiteTeam "Elitsur Dov Petah Tiqwa"]
[BlackTeam "haPoel Petah Tiqwa Alef"]
[WhiteFideId "621650"]
[BlackFideId "2800110"]
[EventDate "2019.01.04"]

1. d4 Nf6 2. c4 e6 3. Nc3 Bb4 4. e3 b6 5. Bd3 Bb7 6. Nf3 O-O 7. O-O d5 8. cxd5
exd5 9. a3 Bd6 10. b4 Nbd7 11. Qb3 c6 12. e4 dxe4 13. Nxe4 Be7 14. Ne5 h6 15.
Bb2 Nd5 1-0

[Event "TCh-ISR 2019"]
[Site "Israel ISR"]
[Date "2019.01.05"]
[Round "2.2"]
[Board "3"]
[White "Drori, Saar"]
[Black "Bykhovsky, Avigdor"]
[Result "0-1"]
[WhiteTitle "IM"]
[BlackTitle "GM"]
[WhiteElo "2386"]
[BlackElo "2419"]
[WhiteTeam "haPoel Petah Tiqwa Alef"]
[BlackTeam "Elitsur Dov Petah Tiqwa"]
[WhiteFideId "2812444"]
[BlackFideId "4101057"]
[EventDate "2019.01.04"]

1. e4 e5 2. Nf3 Nc6 3. Bc4 Bc5 4. c3 Nf6 5. d3 d6 6. a4 a6 7. O-O O-O 8. h3 Be6
9. Bxe6 fxe6 10. Re1 Qd7 11. b4 Ba7 12. Nbd2 Nh5 13. Nf1 Nf4 14. Ra2 Qf7 15. Kh2
h6 16. Ng3 Ne7 17. Be3 Neg6 18. Bxa7 Rxa7 19. Re3 Raa8 20. Rd2 Qe7 21. d4 Rf7
22. dxe5 dxe5 23. Nf1 Raf8 24. g3 Nh5 25. Kg2 Nf6 26. N1h2 Qe8 27. Qb3 Qc6 28.
b5 axb5 29. Qxb5 Qb6 30. Qc4 Re8 31. Ng4 Nxg4 32. hxg4 0-1

[Event "TCh-ISR 2019"]
[Site "Israel ISR"]
[Date "2019.01.05"]
[Round "2.2"]
[Board "4"]
[White "Bitensky, Igor"]
[Black "Oratovsky, Michael"]
[Result "1/2-1/2"]
[WhiteTitle "IM"]
[BlackTitle "GM"]
[WhiteElo "2373"]
[BlackElo "2462"]
[WhiteTeam "haPoel Petah Tiqwa Alef"]
[BlackTeam "Elitsur Dov Petah Tiqwa"]
[WhiteFideId "2804085"]
[BlackFideId "2802090"]
[EventDate "2019.01.04"]

1. e4 e5 2. Bc4 Nf6 3. d3 Nc6 4. Nf3 h6 5. O-O d6 6. d4 Bg4 7. dxe5 Nxe5 8. Be2
Nxf3+ 9. Bxf3 Bxf3 10. Qxf3 Be7 11. Nc3 O-O 12. Bf4 Nd7 13. Rad1 Bf6 14. Nd5 Be5
15. Bxe5 Nxe5 16. Qc3 Rc8 17. f4 Ng4 18. Qd4 1/2-1/2

[Event "TCh-ISR 2019"]
[Site "Israel ISR"]
[Date "2019.01.05"]
[Round "2.2"]
[Board "5"]
[White "Botvinnik, Mikhail"]
[Black "Deutsch, Eyal"]
[Result "1/2-1/2"]
[BlackTitle "IM"]
[WhiteElo "2379"]
[BlackElo "2350"]
[WhiteTeam "haPoel Petah Tiqwa Alef"]
[BlackTeam "Elitsur Dov Petah Tiqwa"]
[WhiteFideId "2805650"]
[BlackFideId "2803917"]
[EventDate "2019.01.04"]

1. d4 d5 2. c4 c6 3. Nf3 Nf6 4. e3 e6 5. Bd3 dxc4 6. Bxc4 Nbd7 7. O-O b5 8. Bd3
Bb7 9. e4 a6 10. e5 Nd5 11. Nc3 Nxc3 12. bxc3 Be7 13. Qe2 c5 14. Be4 Bxe4 15.
Qxe4 O-O 1/2-1/2

[Event "TCh-ISR 2019"]
[Site "Israel ISR"]
[Date "2019.01.05"]
[Round "2.2"]
[Board "6"]
[White "Mesropov, Konstantin"]
[Black "Barenboim, Grigory"]
[Result "1/2-1/2"]
[WhiteTitle "IM"]
[WhiteElo "2431"]
[BlackElo "2194"]
[WhiteTeam "Elitsur Dov Petah Tiqwa"]
[BlackTeam "haPoel Petah Tiqwa Alef"]
[WhiteFideId "4116887"]
[BlackFideId "2803623"]
[EventDate "2019.01.04"]

1. e4 c5 2. Nf3 Nc6 3. Bb5 e6 4. O-O Nge7 5. Re1 a6 6. Bf1 g6 7. c3 d5 8. exd5
Qxd5 9. b4 Bg7 10. bxc5 Qxc5 11. d4 Qa5 12. Nbd2 O-O 13. Nc4 Qc7 14. a4 Nd5 15.
Qb3 Rb8 16. a5 b5 17. axb6 Nxb6 18. Nxb6 Rxb6 19. Qc4 Bb7 20. Ba3 Rc8 21. Qa4
Ne7 22. Bc5 Rc6 23. Rab1 Nd5 24. Qb3 Ba8 25. c4 Nf4 26. g3 Nh5 27. Bg2 Qd7 28.
Ne5 Bxe5 29. Rxe5 R6c7 30. Bxa8 Rxa8 31. Re2 Qc6 32. Qe3 Nf6 33. Rb6 Qa4 34. Qf3
Rac8 35. Rbxe6 fxe6 36. Qxf6 Rf7 37. Qxe6 Qd1+ 38. Kg2 Rd8 39. Qh3 1/2-1/2